| 000 | 01420nam a2200337 i 4500 | ||
|---|---|---|---|
| 001 | 71020 | ||
| 003 | Mx-PuUPA | ||
| 005 | 20240611103615.0 | ||
| 008 | 240610s2020 mx |||gr|||| 00| 0 spa d | ||
| 020 | _a9786078517749 | ||
| 040 |
_aMx-PuUPA _bspa _cMx-PuUPA _dMx-PuUPA _erda |
||
| 041 | 0 | _aspa | |
| 245 | 0 | 0 |
_aEnfoques teóricos de políticas públicas : _bdesarrollos contemporáneos para América Latina / _cGloria del Castillo Alemán, Mauricio I. Dussauge Laguna, editores |
| 250 | _aPrimera edición | ||
| 264 | 1 |
_aCiudad de México : _bFacultad Latinoamericana de Ciencias Sociales, Sede México (FLACSO México), _c©2020 |
|
| 300 |
_a362 páginas ; _c23 cm |
||
| 336 |
_2rdacontent _atexto _btxt |
||
| 337 |
_2rdamedia _asin medio _bn |
||
| 338 |
_2rdacarrier _avolumen _bnc |
||
| 545 | 1 | _aReimpresiones: (octubre de 2021) ; (febrero de 2023). | |
| 650 | 7 |
_2armarc _aPolítica pública _zAmérica Latina |
|
| 650 | 7 |
_2armarc _aPolítica pública _xTeorías _zAmérica Latina |
|
| 650 | 7 |
_2armarc _aRedes políticas _zAmérica Latina |
|
| 650 | 7 |
_2armarc _aPolíticas públicas _xToma de decisiones |
|
| 700 | 1 |
_aCastillo Alemán, Gloria del, _eeditor |
|
| 700 | 1 |
_aDussauge Laguna, Mauricio I., _eeditor |
|
| 942 |
_2ddc _cLI _h320.6092 _iE5696 |
||
| 999 |
_c71020 _d71020 |
||